Statistiques concernant Capitales de l'Amérique du Sud - Carte Quiz

Cliquez ici pour prendre le quiz!

Statistiques générales

  • Ce quiz a été pris 33 899 fois
  • Le résultat moyen est 9 sur 13

Réponses sur la Carte

Les réponses sont colorées sur une échelle allant du rouge au vert en fonction du pourcentage des utilisateurs qui les ont devinées à leur premier essai. Vous pouvez retrouver ces pourcentages ci-dessous.
 

Statistiques - réponses

Réponse% Correct
Brasilia
94%
Buenos Aires
88%
Bogotá
81%
Lima
80%
Santiago
76%
Montevideo
69%
Caracas
63%
Georgetown
61%
Quito
60%
Sucre
56%
La Paz
54%
Asunción
53%
Paramaribo
39%

Distribution des résultats

Percentile par nombre de réponses

% des personnes avec chaque résultat

Votre développement - résultats

Vous n’avez pas pris ce quiz